| Tag |
First Indicator |
Second Indicator |
Subfields |
| LEADER |
00000nem a2200000Ii 4500 |
| 001 |
in00004550521 |
| 008 |
220128s1575 gw i a 0 lat d |
| 007 |
ay canzn |
| 005 |
20220128165617.1 |
| 035 |
|
|
|a (OCoLC)on1293990226
|
| 040 |
|
|
|a TXA
|b eng
|e rda
|c TXA
|
| 034 |
0 |
|
|a a
|
| 035 |
|
|
|a (OCoLC)1293990226
|
| 050 |
|
4 |
|a G6514.P7 1575
|b .B7
|
| 052 |
|
|
|a 6514
|b P7
|b C5
|
| 100 |
1 |
|
|a Braun, Georg,
|d 1540 or 1541-1622.
|
| 245 |
1 |
0 |
|a Praga, Bohemiae metropolis accvratissime expressa
|
| 246 |
3 |
|
|a Praga, Bohemiae metropolis accuratissime expressa
|
| 246 |
1 |
|
|a Egra vrbs a fluuio, cui adiacet, dicta, Olim imperio Romano, hodie vero Beoheima regno subiects: Prolemaro monosgada vacatur
|
| 246 |
3 |
|
|a Praga
|
| 246 |
3 |
|
|a Egra
|
| 246 |
1 |
|
|i Added title on verso:
|a Egra
|
| 246 |
1 |
|
|i Added title on verso:
|a Prague
|
| 255 |
|
|
|a Not drawn to scale.
|
| 264 |
|
1 |
|a [Cologne] :
|b [Peter von Brachel],
|c [1575]
|
| 300 |
|
|
|a 2 views on 1 sheet :
|b colored ;
|c 19 x 47 cm or smaller, on sheet 40 x 52 cm
|
| 336 |
|
|
|a cartographic image
|b cri
|2 rdacontent
|
| 337 |
|
|
|a unmediated
|b n
|2 rdamedia
|
| 338 |
|
|
|a sheet
|b nb
|2 rdacarrier
|
| 500 |
|
|
|a Appears in: Braun and Hogenberg's Civitates orbis terrarvm.
|
| 500 |
|
|
|a Relief shown pictorially.
|
| 500 |
|
|
|a "59" in upper right and left corners.
|
| 500 |
|
|
|a "58" in upper right corner on verso.
|
| 500 |
|
|
|a "60" in upper left corner on verso.
|
| 500 |
|
|
|a French manuscript text on verso.
|
| 500 |
|
|
|a The Cushing Library copy is part of the Ronald L. and V. Jane Woellhof Rare Map Collection.
|5 TXA
|
| 651 |
|
0 |
|a Prague (Czech Republic)
|v Maps.
|
| 651 |
|
0 |
|a Cheb (Czech Republic)
|v Maps.
|
| 651 |
|
0 |
|a Czech Republic
|v Maps.
|
| 655 |
|
7 |
|a Early maps.
|2 lcgft
|
| 700 |
1 |
|
|a Hogenberg, Frans,
|d approximately 1539-1590.
|
| 994 |
|
|
|a Z0
|b TXA
|
| 948 |
|
|
|h HELD BY TXA - 0 OTHER HOLDINGS
|
| 999 |
f |
f |
|s 77ee2b6f-6dcd-442b-a61e-10da53a1ff02
|i 77ee2b6f-6dcd-442b-a61e-10da53a1ff02
|t 0
|
| 952 |
f |
f |
|p noncirc
|a Texas A&M University
|b College Station
|c Cushing Memorial Library & Archives
|d Cushing: Maps (Does not check out)
|t 0
|e G6514.P7 1575 .B7
|f Flat File
|h Library of Congress classification
|i unmediated -- sheet
|
| 998 |
f |
f |
|a G6514.P7 1575 .B7
|t 0
|l Cushing: Maps (Does not check out)
|